L'effectif de Manchester City en fin 2021 - Statistiques

Statistiques générales
  • Ce quiz a été pris 155 fois
  • Le résultat moyen est 20 sur 32
Statistiques - réponses
N° Maillot (Poste) Pays Joueurs % Correct
Entraineur Espagne Pep Guardiola
99%
17 (Milieu) Belgique Kevin De Bruyne
96%
2 (Défenseur) Angleterre Kyle Walker
93%
9 (Attaquant) Brésil Gabriel Jesus
92%
3 (Défenseur) Portugal Ruben Dias
92%
20 (Milieu) Portugais Bernardo Silva
91%
5 (Défenseur) Angleterre John Stones
91%
8 (Milieu) Allemagne Ilkay Gundogan
89%
6 (Défenseur) Pays-Bas Nathan Ake
89%
47 (Milieu) Angleterre Phil Foden
88%
26 (Attaquant) Algérie Riyad Mahrez
88%
14 (Défenseur) Espagne Aymeric Laporte
86%
7 (Attaquant) Angleterre Raheem Sterling
86%
31 (Gardien) Brésil Ederson
83%
27 (Défenseur) Portugal Joao Cancelo
83%
11 (Milieu) Ukraine Olexandr Zinchenko
83%
22 (Défenseur) Français Benjamin Mendy
78%
10 (Milieu) Angleterre Jack Grealish
78%
25 (Milieu) Brésil Fernandinho
68%
21 (Attaquant) Espagne Ferran Torres
68%
13 (Gardien) États-Unis Zack Steffen
60%
80 (Milieu) Angleterre Cole Palmer
56%
33 (Gardien) Angleterre Scott Carson
50%
16 (Milieu) Espagne Rodrigo Hernandez
29%
90 (Milieu) Belgique Roméo Lavia
17%
87 (Milieu) Angleterre James McAtee
15%
56 (Défenseur) Angleterre Conrad Egan-Riley
7%
97 (Défenseur) Angleterre Joshua Wilson-Esbrand
7%
53 (Attaquant) Angleterre Samuel Edozie
6%
84 (Gardien) Écosse Cieran Slicker
4%
94 (Défenseur) Angleterre Finley Burns
1%
79 (Défenseur) Angleterre Luke Mbete-Tatu
1%
Aucun quiz correspondant
Distribution des résultats
% des personnes avec chaque résultat
Percentile par nombre de réponses
Votre historique - résultats
Vous n’avez pas pris ce quiz